Central Library and Information Centre
Sibsagar Girls' College, Sivasagar : Assam

INDIAN ECONOMY (Record no. 2855)

MARC details
000 -LEADER
fixed length control field 00444cam a2200193ua 4500
008 - FIXED-LENGTH DATA ELEMENTS--GENERAL INFORMATION
fixed length control field 131128n2006 II |||gr||||Z||||||eng
040 ## - CATALOGING SOURCE
Original cataloging agency MAIN
041 ## - LANGUAGE CODE
-- English
082 ## - DEWEY DECIMAL CLASSIFICATION NUMBER
Classification number 330.54 DHA
100 ## - MAIN ENTRY--PERSONAL NAME
Personal name DHAR, P.K.
245 ## - TITLE STATEMENT
Title INDIAN ECONOMY
260 ## - PUBLICATION, DISTRIBUTION, ETC.
Place of publication, distribution, etc. NEW DELHI
Name of publisher, distributor, etc. S.CHAND & COMPANY
Date of publication, distribution, etc. 2006
300 ## - PHYSICAL DESCRIPTION
Extent 1003:
Dimensions 24CM.
700 ## - ADDED ENTRY--PERSONAL NAME
Personal name DATT, RUDDAR.
700 ## - ADDED ENTRY--PERSONAL NAME
Personal name SUNDARAM, K.P.M.
942 ## - ADDED ENTRY ELEMENTS (KOHA)
Koha item type Books
653 ## - INDEX TERM--UNCONTROLLED
Uncontrolled term INDIAN ECONOMY
Holdings
Withdrawn status Lost status Damaged status Not for loan Collection code Home library Current library Shelving location Date acquired Full call number Barcode Date last seen Copy number Price effective from Koha item type Public note Total Checkouts Date due Date last checked out
        TBECO Central Library and Information Centre Sibsagar Girls College Central Library and Information Centre Sibsagar Girls College ECONOMICS BOOK RACK 28.08.2006 330.54 DHA 21048 27.02.2020 1 27.02.2020 Books V      
        TBECO Central Library and Information Centre Sibsagar Girls College Central Library and Information Centre Sibsagar Girls College ECONOMICS BOOK RACK 28.08.2006 330.54 DHA 21049 02.02.2026 2 27.02.2020 Books V 2 04.03.2026 02.02.2026


Sibsagar Girl's College © 2020. All rights reserved.
Powered by Koha.
Maintained by Abhijit Borpuzari.